ਬਚਨੀ ਹਾਸ਼ਮ / (Record no. 48898)

MARC details
000 -LEADER
fixed length control field 02158nam a22003377a 4500
005 - DATE AND TIME OF LATEST TRANSACTION
control field 20090825120337.0
008 - FIXED-LENGTH DATA ELEMENTS--GENERAL INFORMATION
fixed length control field 090728t xxu||||| |||| 00| 0 pun d
010 ## - LCCN (DPL NO)
LC control number PUN-6519 B-425800-804
020 ## - INTERNATIONAL STANDARD BOOK NUMBER
Terms of availability 200.00
International Standard Book Number 9789350171691
035 ## - SYSTEM CONTROL NUMBER
System control number PN-5637 B-425800-804
037 ## - SOURCE OF ACQUISITION
Source of stock number/acquisition DBAD / PUB
037 ## - SOURCE OF ACQUISITION
Source of stock number/acquisition k.k.publications(vendor)
040 ## - CATALOGING SOURCE
Original cataloging agency dpl
Language of cataloging pn
082 ## - DEWEY DECIMAL CLASSIFICATION NUMBER
Classification number
100 ## - MAIN ENTRY--PERSONAL NAME
9 (RLIN) 24414
Personal name ਅਜੈਬ ਸਿੰਘ
245 ## - TITLE STATEMENT
Title ਬਚਨੀ ਹਾਸ਼ਮ /
Statement of responsibility, etc ਅਜੈਬ ਸਿੰਘ
246 ## - VARYING FORM OF TITLE
Title proper/short title Bachni hasham
Remainder of title by Ajaib Singh
260 ## - PUBLICATION, DISTRIBUTION, ETC. (IMPRINT)
Place of publication, distribution, etc ਚੰਡੀਗਡ਼
Name of publisher, distributor, etc ਲੋਕਗੀਤ ਪ੍ਰਕਾਸ਼ਨ
Date of publication, distribution, etc 2010
270 ## - ADDRESS
Address s.c.o-26-27, Sector-34-A,
City ਚੰਡੀਗਡ਼
Postal code 160022
Telephone number 01624-682954, 09781534406
300 4# - PHYSICAL DESCRIPTION
Extent 156 ਸਫੇ
Dimensions 22 ਸੇਮੀ (ਸਜਿਲੱਦ)
650 ## - SUBJECT ADDED ENTRY--TOPICAL TERM
9 (RLIN) 24412
Topical term or geographic name as entry element ਓਪਨਿਯਾਸ
650 ## - SUBJECT ADDED ENTRY--TOPICAL TERM
Topical term or geographic name as entry element Novel
9 (RLIN) 24431
942 ## - ADDED ENTRY ELEMENTS (KOHA)
Source of classification or shelving scheme Dewey Decimal Classification
Item type Punjabi Bks
Classification part
Call number suffix ਅਜੈਬ
Holdings
Withdrawn status Lost status Source of classification or shelving scheme Damaged status Not for loan Collection code Home library Current library Date acquired Source of acquisition Cost, normal purchase price Total Checkouts Full call number Barcode Date last seen Copy number Cost, replacement price Koha item type
    Dewey Decimal Classification     Fiction Central Library Central Library 20/04/2011 k.k.publications/121/11.3.11/77/4.3.11/28.3.11 200.00 1 ਓ ਅਜੈਬ B-425800 03/07/2017 1 200.00 Punjabi Bks
    Dewey Decimal Classification     Fiction D.B.Act.Division D.B.Act.Division 01/12/2010 DBAD/PUB 200.00   ਓ ਅਜੈਬ PN-5637 01/12/2010 1 200.00 Punjabi Bks
    Dewey Decimal Classification     Fiction Karol Bagh Karol Bagh 20/04/2011 k.k.publications/121/11.3.11/77/4.3.11/28.3.11 200.00   ਓ ਅਜੈਬ B-425803 20/04/2011 1 200.00 Punjabi Bks
    Dewey Decimal Classification     Fiction Patel Nagar Patel Nagar 20/04/2011 k.k.publications/121/11.3.11/77/4.3.11/28.3.11 200.00   ਓ ਅਜੈਬ B-425801 20/04/2011 1 200.00 Punjabi Bks
    Dewey Decimal Classification     Fiction Sarojini Nagar Sarojini Nagar 20/04/2011 k.k.publications/121/11.3.11/77/4.3.11/28.3.11 200.00   ਓ ਅਜੈਬ B-425802 20/04/2011 1 200.00 Punjabi Bks
    Dewey Decimal Classification     Fiction Shahdara Branch Shahdara Branch 20/04/2011 k.k.publications/121/11.3.11/77/4.3.11/28.3.11 200.00   ਓ ਅਜੈਬ B-425804 20/04/2011 1 200.00 Punjabi Bks

© Delhi Public Library
Hit Counter
free hit counter